Statistics for Everybody's Waiting - Joker Out

Click here to take the quiz!

General Stats

  • This quiz has been taken 44 times
  • The average score is 208 of 265

Answer Stats

Answer% Correct
A
100%
a
100%
ever
100%
every
100%
everybody
100%
at
95%
for
95%
For
95%
the
95%
The
95%
to
95%
you
95%
You
95%
ball
90%
ball)
90%
(Everybody's
90%
(everybody's
90%
Everybody's
90%
go
90%
no
90%
No
90%
and
86%
be
86%
big
86%
can
86%
cigarette
86%
cold
86%
day
86%
goes
86%
love
86%
ready
86%
shine
86%
should
86%
waiting)
86%
waiting
86%
your
86%
bills
81%
comes
81%
effect
81%
fades
81%
fill
81%
get
81%
it
81%
lighthouse
81%
pay
81%
shot
81%
shower
81%
Starlight
81%
who
81%
after
76%
all
76%
away
76%
can't
76%
Can't
76%
do
76%
feeling
76%
getting
76%
Ginger
76%
Hype
76%
like
76%
make
76%
of
76%
on
76%
one
76%
soul
76%
told
76%
vitamins
76%
world
76%
behind
71%
call
71%
everything
71%
fall
71%
gives
71%
Hiding
71%
just
71%
Just
71%
now
71%
old
71%
pedestal
71%
shades
71%
take
71%
there
71%
turn
71%
Turn
71%
are
67%
Case
67%
it's
67%
Quotas
67%
shelter
67%
sold
67%
Until
67%
way
67%
closed
62%
Everyone's
62%
centre
52%
in
48%
What
48%
You're
43%
easier
38%
life
38%
line
38%
perfect
38%
time
38%
wonderful
38%
die
33%
gonna
33%
lost
33%
one's
33%
only
33%
or
33%
unoriginal
33%
down
29%
flight
29%
from
29%
ground
29%
left
29%
Lonesome
29%
nothing
29%
run
29%
sky
29%
tell
29%
There's
29%
around
24%
deep
14%
little
10%

Score Distribution

Percentile by Number Answered

Percent of People with Each Score

Your Score History

You have not taken this quiz